000 00455nam a2200169 a 4500
001 14743
005 20180713203252.0
008 140415s1970 000 0 spa d
041 _aspa
082 _a791.450233
_bLEW
100 1 _aLEWIS, COLBY
245 1 0 _aTECNICA DEL DIRECTOR DE T.V.
260 _a[s.l.] :
_bPAX-MEXICO,
_c1970
300 _a272
650 1 4 _aTELEVISION
_xPRODUCCION Y DIRECCION
700 1 _aBARCENA, AGUSTIN
_etr.
999 _c14743
_d14743